|
|
|
|
| LEADER |
00000nam a22000001a 4500 |
| 001 |
vtls009636170 |
| 003 |
SK-MaSNL |
| 005 |
20260301171429.0 |
| 008 |
170706s1994 xo frp 000 0 slo |
| 015 |
|
|
|a SNBA1994
|
| 020 |
|
|
|a 8085172445
|
| 035 |
|
|
|a urn:nbn:sk:snk-amlm5p
|
| 035 |
|
|
|a urn:nbn:sk:snk-am00buob
|
| 035 |
|
|
|a 798317AC-75BD-4C9D-917C-90FAC563E375
|
| 040 |
|
|
|a SNK
|b slo
|c SNK
|e AACR2
|
| 041 |
0 |
|
|a slo
|
| 044 |
|
|
|a xo
|c SK
|
| 080 |
|
|
|a 316:37(075)
|2 1981
|
| 080 |
|
|
|a 316-053.6(075)
|2 1981
|
| 100 |
1 |
|
|a Ondrejkovič, Peter,
|d 1940-2021
|4 aut
|9 206389
|
| 245 |
1 |
0 |
|a Štúdie zo sociológie výchovy
|b Teoretické základy sociológie výchovy a mládeže
|c Peter Ondrejkovič
|
| 260 |
|
|
|a Bratislava
|b Iuventa
|c 1994
|
| 300 |
|
|
|a 84 s.
|b lit., pozn.
|
| 650 |
0 |
7 |
|a sociológia výchovy
|2 hŠVKBB
|9 1020
|
| 650 |
0 |
7 |
|a sociológia mládeže
|2 hŠVKBB
|9 15608
|
| 655 |
|
7 |
|a učebnice
|2 hŠVKBB
|9 22521
|
| 919 |
|
|
|a 80-8517-44-5
|
| 999 |
|
|
|c 830809
|d 832739
|
| 952 |
|
|
|t P60, <04>, [BOOK], {604}
|a SNK
|b SNK
|y VYP
|7 0
|p 17A0015057
|o snkSB 53221 D1
|0 0
|1 0
|4 0
|d 1996-10-18
|l 0
|r 2004-12-31 00:00:00
|w 2026-02-24
|
| 952 |
|
|
|t P60, <03>, [BOOK], {603}
|a SNK
|b SNK
|y PREZ
|7 0
|p 17A0225108
|o snkSB 53221
|0 0
|1 0
|4 0
|d 2000-01-20
|f 1
|l 0
|r 2025-03-21 00:00:00
|w 2026-02-24
|